000 01827nam 22002293 4500
001 199390
010 _a978-989-570-454-5
021 _b546373/25
_aPT
090 _a199390
100 _a20240109d u||y0pory50 ba
200 _aA inquilina
_fFreida McFadden
_gtradução de Carla Ribeiro
205 _a
210 _aLisboa
_cAlma dos Livros
_d2025
215 _a326, [1] p.
_cbrochado
_d23 cm
330 _aBlake Porter tinha tudo: uma carreira de sucesso, uma noiva encantadora e a casa dos seus sonhos. Mas de repente, tudo muda. Despedido do prestigiado cargo de vice-presidente de marketing da sua empresa, as dificuldades financeiras começam e Blake vê-se obrigado a alugar um dos quartos da casa que partilha com a sua noiva para conseguirem pagar a hipoteca. E é então que aparece Whitney! Ela é tudo o que procuravam: bonita, simpática, educada, com um ar confiável e os pés bem assentes na terra. A inquilina perfeita. No entanto, a sua presença traz consigo algo que não bate certo. O ambiente na casa muda, os vizinhos comportam-se de forma estranha. Um odor terrível — podre, impossível de ignorar — invade a casa, por mais que Blake a limpe. E, como se não bastasse, ruídos inquietantes despertam-no a meio da noite. Em pouco tempo, Blake começa a temer que alguém conheça os seus segredos mais obscuros. Sente-se observado, perseguido... e, quando finalmente se apercebe da verdade, já é demasiado tarde. A inquilina perfeita… é tudo menos isso. Freida McFadden é a autora mais vendida do ano e o maior sucesso editorial dos últimos tempos em Portugal.
606 _916
_aLiteratura Americana
675 _a821.111(73)-3
_vPT
_zpor
700 _94840
_aMcFadden
_bFreida
702 _98915
_aRibeiro
_bCarla
801 _aPT
_bBMMN
_gRPC
830 _cAna
_fAna
990 _cLIVROS